000
00297nam a22001217a 4500
008
160521b xxu||||| |||| 00| 0 eng d
020
_a
9780840396594
020
_a
0840396597
041
_a
eng
080
_a
579
245
_a
Bscs Biology an ecological approach:
_c
Green Version;
942
_2
udc
_c
BK
999
_c
2357
_d
2357